Districts of Negeri Sembilan, Malaysia - Statistics

General Stats
  • This quiz has been taken 25 times
  • The average score is 6 of 7
Answer Stats
Districts % Correct
Port Dickson
92%
Seremban
88%
Rembau
83%
Tampin
79%
Jelebu
75%
Jempol
71%
Kuala Pilah
71%
No matching quizzes found
Score Distribution
Percent of People with Each Score
Percentile by Number Answered
Your Score History
You have not taken this quiz